000 00653nam a22002297a 4500
003 UA-OsUOA
001 45142
007 ta
008 20110927b un ||||| |||| 00| 0 ukr d
090 _a09.-94 (100)
_bТ14
942 _cBK
040 _aUA-OsUOA
_bukr
_cUA-OsUOA
_dUA-OsUOA
245 _aТайни цісарської родини в Відни
300 _a124 с.
955 _a1
041 _aukr
080 _a09.-94 (100)
260 _aВінніпег
650 7 _a0 Загальний відділ.
_2UDC
999 _c425247
_d425247